00966nam a2200229 a 450000100060000000300090000600800410001502000180005604000280007408200170010210000310011924500780015026000290022830000100025765000680026765000390033565000500037494200120042499900170043695201390045395201440059224114CO-ViMGA141112s2004 ck r 000 u spa d a9789588294186 aCO-ViMGAbspacCO-ViMGA04a322.42 P173f1 aPardo Rueda, Rafael93513910aFin del paramilitarismo ¿ es posible su desmonte? / cRafael Pardo Rueda aColombia : bEdiciones B a207p.14aDESMOVILIZACION DE PARAMILITARES - PROYECTOS - COLOMBIA 93514014aPARAMILITARISMO - COLOMBIA 91907914aRELACION DE PARAMILITARISMO - COLOMBIA935141 2ddccBK c32167d32167 00102ddc40708002aMEVIECARbMEVIECARd2015-12-04h05/dic/2011l0o322.42 P173f p24096r2015-12-04 00:00:00tEj. 1w2015-12-04yBK 001040708001aMEVIGERRbMEVIGERRcGENd2010-10-02o322.42098621 P17fpECA19446r2024-11-26 09:29:35tEj.1w2024-11-26yBKz14344 | 18852